L'hydrologie du bas Guadalquivir. /
Guardado en:
| Autor Principal: | |
|---|---|
| Formato: | Libro |
| Idioma: | French |
| Publicado: |
Madrid :
Instituto de geografía aplicada del patronato "Alonso de Herrera",
1970.
|
| Etiquetas: |
Agregar Etiqueta
Sin Etiquetas, Sea el primero en etiquetar este registro!
|
| LEADER | 00498nam a22001455a 4500 | ||
|---|---|---|---|
| 001 | EUN.um022105 | ||
| 003 | AR-BaUNS | ||
| 005 | 20050623122901.0 | ||
| 008 | 041125s1970####sp#a##########000#0#fre#d | ||
| 245 | 1 | 0 | |a L'hydrologie du bas Guadalquivir. / |c Jean R. Vannéy. |
| 260 | |a Madrid : |b Instituto de geografía aplicada del patronato "Alonso de Herrera", |c 1970. | ||
| 300 | |a 175 p. : |b ilus. ; |c 26 cm. | ||
| 100 | 1 | |a Vannéy, Jean R. | |
| 082 | 0 | 4 | |a 551.49 |
| 859 | |a Ar-BaUNS |b BIB. CENTRAL - Sector C |h 551.49 |i V337 |p 72476/975 | ||
